000 00497nam a22001457a 4500
999 _c17369
_d17369
008 190118b xxu||||| |||| 00| 0 eng d
020 _a9351452973
050 _aJX4411
_b.P38 2015 c.1
100 _aPatel, Bimal
245 _aLaw of the Sea
_bInternational tribunal for the law of the sea jurisprudence: case commentary, case-law digest and reference guide(1994-2014)
_cBimal Patel
260 _aIndia
_bEBC Publishing
_c2015
300 _al, 418p.
650 _alaw of the sea
942 _2lcc
_cBK